| 000 | 00437nam a2200133Ia 4500 | ||
|---|---|---|---|
| 003 | GCL | ||
| 008 | 140319s9999 xx 000 0 ara d | ||
| 040 |
_aGCL / _cGCL |
||
| 082 | 0 | 4 |
_a219.3 _bا ى |
| 245 | 1 | 0 | _aاليقظة الاسلامية فى مواجهة الاستعمار (منذ ظهورها الى اوائل الحرب العالمية الاولى) |
| 260 |
_a[S.N] : _bدار الاعتصام |
||
| 300 | _a287 ص | ||
| 490 | _a | ||
| 999 |
_c54964 _d54964 |
||